000
00498nam a2200157Ia 4500
008
100122s9999 xx 000 0 und d
082
_b
77451
_a
823
100
_a
पांढरीपांडे विजय
245
_a
पडद्यामागचा अंक चौथा
250
_a
1
260
_c
2009
300
_a
79
630
_a
पडद्यामागचा अंक चौथा
730
_a
पडद्यामागचा अंक चौथा
942
_c
BOOK
999
_c
394537
_d
394534